| 000 | 00838nam a2200217Ia 4500 | ||
|---|---|---|---|
| 003 | GCL | ||
| 008 | 140319s9999 xx 000 0 ara d | ||
| 040 |
_aGCL / _cGCL |
||
| 082 | 0 | 4 |
_a215.3 _bج ت |
| 100 | 1 | _aمحمد زينهم محمد عزب | |
| 245 | 1 | 0 |
_aتاريخ بيت المقدس / _cمحمد زينهم محمد عزب |
| 700 | 1 | _aابن الجوزى : ابوالفرج جمال الدين عبدالرحمن بن على بن محمد بن على القرشى البغدادى | |
| 260 |
_aالقاهرة : _bمكتبة الثقافة الدينية ، _c1989 |
||
| 300 |
_a84 ص ؛ _c24سم |
||
| 490 | _a | ||
| 650 | 0 | 4 | _aالاسلام |
| 650 | 0 | 4 | _aالاسلام والعلم |
| 650 | 0 | 4 | _aالاسلام والقضاء |
| 650 | 0 | 4 | _aالاسلام وحركات الاصلاح والتجدي |
| 942 |
_2ddc _cBK |
||
| 999 |
_c58463 _d58463 |
||